Регионална библиотека "Любен Каравелов" - Русе

Буболечка пречка (Запис номер 15308)

MARC детайли
000 -Лидер
Контролно поле с фиксирана дължина 01311nam a2200337 c 4500
003 - Код на организацията, давaща контролен номер
Контролно поле BLK
005 - Дата и час на последна редакция
Контролно поле 20240711131434.0
008 - Елементи от данни с фиксирана дължина
fixed length control field 180413b bul|||||r ||||||| ||bul||
010 ## - Наследен системен номер
LC control number KNG00017079000
020 ## - Международен стандартен номер на книга ISBN
Международен стандартен номер на книга ISBN 954-625-088-0
040 ## - Източник на каталожния запис
Идентификатор на билиотеката - собственик на записа BLK
041 ## - Код за език
Код за езика на текст/звукозапис или на отделно заглавие Български
Код за езика КДБФ Български
080 ## - УДК
Текстов определител УДК Българска литература
УДК код - определител по УДК 821.163.2
УДК определител -93-1
УДК - код + определител 821.163.2-93-1
100 1# - Редна дума - Автор
Автор Цанков, Атанас Иванов
Авторска отговорност първи автор
R(LIN) 363727
139 ## - Редно поле
Редна дума Цанков, Атанас Иванов
Авторски знак Цанк - Ц 17
245 10 - Сведения за заглавието
Заглавие Буболечка пречка
Подзаглавни данни Приказка в стихове
Редно поле (дума) Атанас Иванов Цанков; худож. Биляна Тодорова Господинова.
257 ## - Страна на издаване
Страна на създаване/издаване България
260 ## - Област на издателските данни
Име на издателя, разпространителя и проч. Фют
Година на издаване 1997
Място на издаване, разпространение и проч. София
300 ## - Физическа характеристика
Страници 12 с.
Илюстрации и др. с цв. ил.
Размери/Мащаб 18 см
380 ## - Жанр
Жанр Детска худож. лит.
490 ## - СЕРИИ (Колекции)
Име на серия Поредица Непослушковци
9 (RLIN) 202835
500 ## - Общи забележки
Забележка Авт. отбелязан на гърба на кор ; 15 000 тир.
700 1# - Други автори (авторска отговорност)
Лично име Господинова, Биляна Тодорова
Автороска отговорност (Описва отношението между автора и произведението) худож.
9 (RLIN) 243273
852 ## - Местоположение
Форматна сигнатура Цб І 29091
Фондова буква Хранилище
856 4# - Електронен адрес и достъп
Електронен формат pdf - файл
Път до файла /url/
856 4# - Електронен адрес и достъп
Електронен формат pdf - файл
Път до файла /url/
999 ## - СИСТЕМНИ КОНТРОЛНИ НОМЕРА
Koha biblionumber 15308
Koha biblioitemnumber 15308
942 ## - АРТИКУЛИ
Вид на библиотечния материал Книги
Скрит в OPAC Не
Koha issues (borrowed), all copies 10
Периодичен библиозапис Да
944 ## - СЪЗДАВАНЕ И РЕДАКЦИЯ на ЗАПИСА
Създаване/Редакция Създаване
Дата на регистрацията/редакция 28.01.2003
Служител, извършил регистрацията/редакцията 30531
Статус, дата на статуса Цветелина Шанова
944 ## - СЪЗДАВАНЕ И РЕДАКЦИЯ на ЗАПИСА
Създаване/Редакция Редакция
Дата на регистрацията/редакция 14.01.2013
999 ## - СИСТЕМНИ КОНТРОЛНИ НОМЕРА
Koha biblioitemnumber 15308
Наличности
Код за отписване Код за изгубен артикул Източник на класификационната схема Код за повреда Коз за рестрикции Код за отдаване Артикулен № Име на библиотеката - собственик Име на библиотеката, в която се намира в момента Статус (Текущо местоположение) Дата на вписване в системата Местоположение - отдел Цена в лева Инвентарен номер Систематично азбучна сигнатура Баркод Номер на екземпляра Цена в евро Служебна бележка Служебен тип на артикула
  Не е изгубен Universal Decimal Classification Не е повреден само за читалня ползва се в читалня 26005 Регионална библиотека "Любен Каравелов" Русе Регионална библиотека "Любен Каравелов" Русе Хранилище 2001-01-01 Хранилище 0.00 631811 Цб I 29091 120000631811 1 0.00 Дост: Dp Вид: Д N: стар фонд Дата: 01.01.1997 Книги
  Не е изгубен   Не е повреден без рестрикции заемане за дома 26006 Регионална библиотека "Любен Каравелов" Русе Регионална библиотека "Любен Каравелов" Русе Детски отдел 2012-07-25 Детски отдел 1.50 120000759130 ДХ 886.7/Ц 17 120000759130 2 0.77 Дост: DA Вид: А N: 15 Дата: 25.07.2012 Дата инв: 12.08.2015 Бележки инв: Д2015 Книги
Изтеглен Не е изгубен   Не е повреден без рестрикции заемане за дома 26007 Регионална библиотека "Любен Каравелов" Русе Регионална библиотека "Любен Каравелов" Русе Детски отдел 2012-11-17 Детски отдел 1.50 120000761060 ДХ 886.7/Ц 17 120000761060 3 0.77 Дост: DA Вид: А N: 23 Дата: 17.11.2012 Дата инв: 12.08.2015 Бележки инв: Д2015 Книги
Vip Innovations Ltd, Rousse, Bulgaria 2025